| 000 | 01107cab a2200241 4500 | ||
|---|---|---|---|
| 001 | ABS57147 | ||
| 008 | 090401t1997 xxu||||| |||| 00| 0 eng d | ||
| 035 | _a(Sirsi) u98467 | ||
| 041 | _aeng | ||
| 100 | _aRice, P. | ||
| 245 | _aAgreed and adopted - the landfill directive proposals | ||
| 260 | _c1997 | ||
| 350 | _a0 | ||
| 490 |
_aWastes Management _vMay 1997, 21-22(2) |
||
| 520 | _aA look at the likely effects of the draft EU Directive on the landfill of waste, agreed and adopted by the Commission on 5 March 1997, on two main groups, landfill operators and environmental technology suppliers. Highlights proposals such as a reduction in landfill of biodegradable waste and gas utilisation; pre-treatment requirement for waste prior to final disposal; increased costs of landfilling; a ban on disposal of certain wastes and on joint disposal of hazardous and non-hazardous waste. Timetable for implementation. | ||
| 650 | _aBIODEGRADEABLE WASTE | ||
| 650 | _aEU DIRECTIVES | ||
| 650 | _aLAND RECLAMATION | ||
| 650 | _aLANDFILL | ||
| 690 | _aLAND | ||
| 942 | _n0 | ||
| 948 | _c12/06/1997 | ||
| 999 |
_c59852 _d59852 |
||